| 000 | 00889cam a2200229 4500 | ||
|---|---|---|---|
| 008 | 000000n2000 000 0 eng u | ||
| 035 | _a(Sirsi) u107359 | ||
| 245 | _aProposals for housing and land cases | ||
| 260 | _c2000 | ||
| 490 |
_aLord Chancellor's Department Press Release _v (280) 25 July 2000, (1) |
||
| 520 | _aThe Lord's Chancellor's Department has published a consultation paper seeking views on proposals for reform to the procedures for housing and land claims in the civil justice system. Responses sought by 15 September 2000. Paper may be viewed at: www.open.gov.uk/lcd | ||
| 590 | _aWB | ||
| 650 | _aLORD CHANCELLORS DEPARTMENT | ||
| 650 | _aCONSULTATION PAPER | ||
| 650 | _aHOUSING DISPUTES | ||
| 650 | _aLAND | ||
| 650 | _aPOSSESSION CLAIMS | ||
| 650 | _aCIVIL JUSTICE REFORM | ||
| 650 | _aLANDLORD AND TENANT LAW | ||
| 690 | _aPROPERTY | ||
| 942 | _n0 | ||
| 999 |
_c64191 _d64191 |
||